| 000 | 00468nam a22001577a 4500 | ||
|---|---|---|---|
| 003 | OSt | ||
| 005 | 20151103093919.0 | ||
| 008 | 151103b xxu||||| |||| 00| 0 eng d | ||
| 040 | _cRUA | ||
| 082 | _aFOR ស៊ុន 1992 B118 Or.1 | ||
| 100 |
_93237 _aស៊ុន ហ៊ាន |
||
| 245 | _aការជ្រើសរើសគុណភាពឈើអារនំាចេញ | ||
| 260 |
_aPhnom Penh _bRUA _c1992 |
||
| 300 |
_a86p. _bill. _c29cm. |
||
| 942 |
_2ddc _cFOR |
||
| 999 |
_c3022 _d3022 |
||